Business and the environment : implications of the new environmentalism /

Bibliographic Details
Other Authors: Fischbacher-Smith, Denis, 1956-
Format: Book
Language:English
Published: New York : St. Martin's Press, 1993.
Subjects:

MARC

Tag First Indicator Second Indicator Subfields
LEADER 00000cam a2200000 a 4500
001 in00001167006
005 20151001073913.0
008 921104s1993 nyua b 001 0 eng
010 |a  92041552  
020 |a 031209518X 
035 |a (OCoLC)27109624 
035 |9 AGE7948AM 
040 |a DLC  |c DLC  |d TXA  |d UtOrBLW 
049 |a TXAM 
050 0 0 |a HD69.P6  |b B87 1993 
082 0 0 |a 363.7/057  |2 20 
090 |a HD69.P6  |b B868 1993 
245 0 0 |a Business and the environment :  |b implications of the new environmentalism /  |c edited by Denis Smith. 
264 1 |a New York :  |b St. Martin's Press,  |c 1993. 
300 |a x, 194 pages :  |b illustrations ;  |c 25 cm. 
336 |a text  |b txt  |2 rdacontent 
337 |a unmediated  |b n  |2 rdamedia 
338 |a volume  |b nc  |2 rdacarrier 
504 |a Includes bibliographical references and index. 
650 0 |a Industrial management  |x Environmental aspects. 
650 0 |a Green movement. 
650 0 |a Social responsibility of business. 
650 0 |a Environmental protection. 
700 1 |a Fischbacher-Smith, Denis,  |d 1956- 
999 |a MARS 
999 f f |s 2e71cb38-a07b-351f-848a-8c30109071af  |i 76ba46aa-895e-3482-b986-6ced7733c514  |t 0 
952 f f |p ric  |a Texas A&M University  |b Rellis Campus  |c Joint Library Facility  |d Remote Storage  |t 0  |e HD69.P6 B868 1993  |h Library of Congress classification  |i unmediated -- volume  |m A14818022209 
998 f f |a HD69.P6 B868 1993  |t 0  |l Remote Storage